00508 a2200181 450000100060000008200170000609000170002310000160004024500430005625000060009926000230010530000130012850000270014150500140016894200270018299900190020995200980022879093 a629.1323 BAR c39585d39585 aR.H.Barnard aAircraft Flight (3rd Edition)hEnglish a3 aIndiabRepro India axii+370p aDOS BS Reference Books aAHQ Books aCAE NUSTk629.1323 BAR c314166d314166 001040708NFICaCAEbCAEd2017-04-03l0o629.1323 BARpCAE82189r2017-04-05w2017-04-05yBK